[Event "España ch Sub-16 2008"]
[Site "Padron ESP"]
[Date "2008.07.22"]
[Round "5.1"]
[White "Antolin Concha, Diego"]
[Black "Chueca Forcen, Alberto"]
[Result "1/2-1/2"]
[PlyCount "139"]
[EventDate "2008.07.20"]
[EventType "swiss"]
[EventRounds "9"]
[EventCountry "ESP"]
[Source "lmi"]
[SourceDate "2008.07.20"]
[WhiteElo "2115"]
[BlackElo "2254"]

1. d4 Nf6 2. Nf3 e6 3. e3 c5 4. c3 d5 5. Bd3 Nc6 6. Nbd2 Bd6 7. O-O O-O 8. dxc5
Bxc5 9. e4 Qc7 10. Qe2 Bd6 11. Re1 Ng4 12. h3 Nge5 13. Bc2 Ng6 14. Nb3 dxe4 15.
Bxe4 e5 16. c4 Nce7 17. Be3 Bb4 18. Red1 f5 19. Bd5+ Nxd5 20. cxd5 e4 21. Ng5
h6 22. Qh5 Nf4 23. Bxf4 Qxf4 24. Ne6 Bxe6 25. dxe6 Bd6 26. Rd5 e3 27. Qf3 Qh2+
28. Kf1 exf2 29. Kxf2 Rae8 30. Re1 Bc7 31. Nc5 Bb6 32. Qg3 Qxg3+ 33. Kxg3 Bxc5
34. Rxc5 Re7 35. Kf4 Rf6 36. Rce5 g5+ 37. Kf3 Kg7 38. R1e2 Rf8 39. Rd2 Kf6 40.
Rdd5 f4 41. h4 gxh4 42. Kxf4 Rxe6 43. Rf5+ Ke7 44. Rxf8 Kxf8 45. Rd7 Re2 46.
Rxb7 Rxg2 47. Rxa7 h3 48. Ra3 h2 49. Rh3 Kg7 50. a4 Rxb2 51. Kg3 Ra2 52. Rxh2
Rxa4 53. Rb2 Ra6 54. Rb3 Kg6 55. Rb1 Ra5 56. Kh2 Kh5 57. Kh1 Ra4 58. Rc1 Kg4
59. Rb1 h5 60. Rc1 Ra3 61. Rb1 h4 62. Rc1 Kg3 63. Rb1 h3 64. Rc1 Ra2 65. Rb1
Rh2+ 66. Kg1 Re2 67. Rb3+ Kg4 68. Rb1 h2+ 69. Kh1 Kf3 70. Rb3+ 1/2-1/2

[Event "España ch Sub-16 2008"]
[Site "Padron ESP"]
[Date "2008.07.22"]
[Round "5.2"]
[White "Alonso Rosell, Alvar"]
[Black "Gago Padreny, Ignacio"]
[Result "1-0"]
[PlyCount "46"]
[EventDate "2008.07.20"]
[EventType "swiss"]
[EventRounds "9"]
[EventCountry "ESP"]
[Source "lmi"]
[SourceDate "2008.07.20"]
[WhiteElo "2393"]
[BlackElo "2169"]

1. d4 d5 2. c4 e6 3. Nc3 c5 4. Nf3 Nc6 5. cxd5 exd5 6. g3 Nf6 7. Bg2 Be7 8. O-O
O-O 9. Bf4 cxd4 10. Nxd4 Bg4 11. h3 Bh5 12. Nf5 d4 13. Nb5 Bc5 14. Rc1 Bb6 15.
Nbd6 Qd7 16. g4 Bg6 17. Nxb7 Nb4 18. Nc5 Bxc5 19. Rxc5 Rae8 20. Rc7 Qd8 21.
Rxa7 h5 22. Qxd4 hxg4 23. hxg4 Nxg4 1-0

[Event "España ch Sub-16 2008"]
[Site "Padron ESP"]
[Date "2008.07.22"]
[Round "5.3"]
[White "Adan Bermudez, Sergio"]
[Black "Pintor Munoz, Antonio"]
[Result "1/2-1/2"]
[PlyCount "101"]
[EventDate "2008.07.20"]
[EventType "swiss"]
[EventRounds "9"]
[EventCountry "ESP"]
[Source "lmi"]
[SourceDate "2008.07.20"]
[WhiteElo "2205"]
[BlackElo "2076"]

1. c4 e6 2. Nf3 Nf6 3. g3 c5 4. Bg2 Be7 5. O-O O-O 6. Nc3 a6 7. a3 Qc7 8. d3 d6
9. b4 b6 10. Ne1 Bb7 11. bxc5 bxc5 12. Rb1 Bxg2 13. Nxg2 Nbd7 14. Bd2 Rfb8 15.
Qa4 Ra7 16. f4 Nb6 17. Qc2 Rab7 18. e4 d5 19. cxd5 exd5 20. e5 Nfd7 21. a4 d4
22. a5 dxc3 23. axb6 Nxb6 24. Qxc3 Nd5 25. Qc2 Rb5 26. Ne3 Nxe3 27. Bxe3 a5 28.
Rxb5 Rxb5 29. Qc4 Qb7 30. f5 Rb2 31. Bf2 Rb1 32. Bxc5 Rxf1+ 33. Kxf1 Bxc5 34.
Qxc5 Qh1+ 35. Kf2 Qxh2+ 36. Kf3 h5 37. Qxa5 Qh1+ 38. Kf4 Qf1+ 39. Ke4 Qg2+ 40.
Kd4 Qxg3 41. Qa8+ Kh7 42. Qe4 Qf2+ 43. Kd5 Qa2+ 44. Kd6 Qa6+ 45. Kd7 Qa7+ 46.
Ke8 Kg8 47. e6 Qb8+ 48. Kd7 Qb5+ 49. Kc7 Qa5+ 50. Kc8 Qc5+ 51. Kd7 1/2-1/2

[Event "España ch Sub-16 2008"]
[Site "Padron ESP"]
[Date "2008.07.22"]
[Round "5.4"]
[White "Martin Fuentes, Alberto"]
[Black "Pardo Simon, David"]
[Result "1/2-1/2"]
[PlyCount "60"]
[EventDate "2008.07.20"]
[EventType "swiss"]
[EventRounds "9"]
[EventCountry "ESP"]
[Source "lmi"]
[SourceDate "2008.07.20"]
[WhiteElo "2124"]
[BlackElo "2204"]

1. e4 e5 2. Nf3 Nc6 3. d4 exd4 4. Bc4 Nf6 5. O-O Nxe4 6. Re1 d5 7. Bxd5 Qxd5 8.
Nc3 Qa5 9. Nxe4 Be6 10. Neg5 O-O-O 11. Nxe6 fxe6 12. Rxe6 Bd6 13. Qe2 h6 14.
Bd2 Qd5 15. Qe4 Qc4 16. b3 Qc5 17. h3 g5 18. a4 Rdg8 19. b4 Nxb4 20. Nxd4 Rd8
21. Rb1 Nc6 22. Nxc6 Qxc6 23. Qxc6 bxc6 24. Be3 a6 25. Rg6 Rdg8 26. Rxg8+ Rxg8
27. Re1 Kd7 28. h4 gxh4 29. Bxh6 Rg4 30. Ra1 Rc4 1/2-1/2

[Event "España ch Sub-16 2008"]
[Site "Padron ESP"]
[Date "2008.07.22"]
[Round "5.5"]
[White "Baragano Campa, David"]
[Black "Garcia Gil, Bernardino"]
[Result "0-1"]
[PlyCount "158"]
[EventDate "2008.07.20"]
[EventType "swiss"]
[EventRounds "9"]
[EventCountry "ESP"]
[Source "lmi"]
[SourceDate "2008.07.20"]
[WhiteElo "2177"]
[BlackElo "2044"]

1. e4 e6 2. d4 d5 3. Nd2 Be7 4. Bd3 c5 5. dxc5 Bxc5 6. exd5 Qxd5 7. Ngf3 Nf6 8.
O-O O-O 9. Nb3 Be7 10. Bf4 b6 11. Qe2 Bb7 12. Rad1 Qh5 13. Ne5 Nc6 14. f3 Nd5
15. Bg3 Nxe5 16. Bxe5 Bf6 17. Bxf6 Nxf6 18. Ba6 Rab8 19. Bxb7 Rxb7 20. Rd2 h6
21. Rfd1 Rc7 22. c3 Rfc8 23. Kh1 Nd5 24. Qe4 Qg5 25. Nd4 Re7 26. g3 g6 27. f4
Qf6 28. Nf3 Rec7 29. Ne5 b5 30. a4 bxa4 31. Qxa4 Qf5 32. Qd4 Nb6 33. Rd3 Nc4
34. Nxc4 Rxc4 35. Qxa7 e5 36. fxe5 Qxe5 37. Qf2 Re4 38. Rf1 Qe8 39. Rf3 Rc7 40.
Qb6 Rce7 41. R1f2 Qd7 42. Kg2 Re2 43. Qb8+ Kg7 44. Qf4 Re1 45. Qd4+ Qxd4 46.
cxd4 Rd1 47. b4 Rxd4 48. Rf4 Rd5 49. Rc2 Rb7 50. Kf2 Rdb5 51. Rcc4 R5b6 52. Ke3
g5 53. Rfe4 Rd6 54. Red4 Rf6 55. Rc2 Re6+ 56. Kd3 f5 57. Rc5 Re4 58. b5 Rxd4+
59. Kxd4 Kg6 60. Rc6+ Kh5 61. Kc5 Rf7 62. b6 f4 63. Rc7 Rf5+ 64. Kd6 f3 65. Rc1
Kg4 66. b7 Rb5 67. Kc6 Rb2 68. Rf1 h5 69. Rf2 Rb3 70. Kc7 h4 71. gxh4 gxh4 72.
b8=Q Rxb8 73. Kxb8 Kf4 74. Ra2 Ke3 75. Ra3+ Ke2 76. Ra2+ Kf1 77. Ra4 h3 78. Kc7
f2 79. Kd6 Kg2 0-1

[Event "España ch Sub-16 2008"]
[Site "Padron ESP"]
[Date "2008.07.22"]
[Round "5.6"]
[White "Bardera Gil, Sergi"]
[Black "Garcia Molina, Francisco Miguel"]
[Result "1/2-1/2"]
[PlyCount "63"]
[EventDate "2008.07.20"]
[EventType "swiss"]
[EventRounds "9"]
[EventCountry "ESP"]
[Source "lmi"]
[SourceDate "2008.07.20"]
[WhiteElo "2101"]
[BlackElo "2144"]

1. e4 e6 2. d4 d5 3. Nc3 Bb4 4. e5 Ne7 5. a3 Bxc3+ 6. bxc3 c5 7. Qg4 O-O 8. Bd3
f5 9. exf6 Rxf6 10. Bg5 Rf7 11. Qh4 h6 12. Bd2 Nbc6 13. Nf3 Bd7 14. Qg3 c4 15.
Be2 Nf5 16. Qh3 Nd6 17. Bxh6 gxh6 18. Qg3+ Rg7 19. Qxd6 Rxg2 20. Kf1 Rg7 21.
Rg1 Qe7 22. Qf4 Kh7 23. Rg3 Rf8 24. Qe3 Qf6 25. Kg2 Qf4 26. Rxg7+ Kxg7 27. Qxf4
Rxf4 28. Kg3 Rf6 29. Re1 Be8 30. Nh4 Ne7 31. Bg4 Bf7 32. Re5 1/2-1/2

[Event "España ch Sub-16 2008"]
[Site "Padron ESP"]
[Date "2008.07.22"]
[Round "5.7"]
[White "Beltran De Heredia E., Miguel"]
[Black "Fernandez Garcia, Jose Miguel"]
[Result "0-1"]
[PlyCount "102"]
[EventDate "2008.07.20"]
[EventType "swiss"]
[EventRounds "9"]
[EventCountry "ESP"]
[Source "lmi"]
[SourceDate "2008.07.20"]
[WhiteElo "1993"]
[BlackElo "2135"]

1. e4 c5 2. Nf3 e6 3. d4 cxd4 4. Nxd4 a6 5. Bd3 Qc7 6. O-O Bc5 7. Nb3 Be7 8.
Nc3 Nf6 9. Qe2 d6 10. f4 Nbd7 11. a4 b6 12. Be3 Bb7 13. Rae1 O-O 14. g4 d5 15.
e5 Ne4 16. Bxe4 dxe4 17. Qf2 Bb4 18. Bd4 Qc6 19. Re3 f5 20. gxf5 exf5 21. Qg2
Rae8 22. Rg3 Re7 23. Rd1 Rff7 24. Be3 Nf8 25. Nd4 Qc7 26. Rg5 Bc5 27. Qf2 Bxd4
28. Bxd4 Ne6 29. Rg3 Rd7 30. Bxb6 Qc6 31. Be3 Rxd1+ 32. Nxd1 Qxa4 33. b3 Qa1
34. Qd2 Bc8 35. Qc1 Qa5 36. Nb2 Qa3 37. Qb1 Qb4 38. Nc4 Kh8 39. Nd6 Rf8 40. Rg2
g5 41. Bd2 Qc5+ 42. Kh1 e3 43. b4 Qb6 44. Bc3 Qc6 45. Ba1 Nxf4 46. Nf7+ Rxf7
47. e6+ Rg7 48. Qg1 e2 49. Bxg7+ Kxg7 50. Qd4+ Kg6 51. Qxf4 e1=Q+ 0-1

[Event "España ch Sub-16 2008"]
[Site "Padron ESP"]
[Date "2008.07.22"]
[Round "5.8"]
[White "Arribas Lopez, Angel"]
[Black "Gil Quilez, David"]
[Result "1-0"]
[PlyCount "77"]
[EventDate "2008.07.20"]
[EventType "swiss"]
[EventRounds "9"]
[EventCountry "ESP"]
[Source "lmi"]
[SourceDate "2008.07.20"]
[WhiteElo "2332"]
[BlackElo "2031"]

1. e4 e5 2. Nf3 Nc6 3. Bb5 a6 4. Ba4 Nf6 5. d3 b5 6. Bb3 Be7 7. O-O O-O 8. a4
Rb8 9. Re1 d6 10. c3 Na5 11. Bc2 c5 12. axb5 axb5 13. Nbd2 Qc7 14. Nf1 Rd8 15.
Ne3 g6 16. d4 cxd4 17. cxd4 Nc6 18. Bb3 Bb7 19. Bd2 Rdc8 20. Nd5 Qd8 21. Nxe7+
Qxe7 22. Bg5 Kg7 23. Qd2 Nxd4 24. Nxd4 exd4 25. Bd5 Ba8 26. f4 h6 27. Bh4 Kg8
28. Qxd4 g5 29. fxg5 Nxd5 30. exd5 Qc7 31. Qg4 h5 32. Qxh5 Qc5+ 33. Bf2 Qxd5
34. Qg4 Rc4 35. Qg3 Rbc8 36. g6 Qh5 37. gxf7+ Kxf7 38. Ra7+ R4c7 39. Bd4 1-0

[Event "España ch Sub-16 2008"]
[Site "Padron ESP"]
[Date "2008.07.22"]
[Round "5.9"]
[White "Picazo Lopez, Ignacio"]
[Black "Espinosa Aranda, Angel"]
[Result "0-1"]
[PlyCount "84"]
[EventDate "2008.07.20"]
[EventType "swiss"]
[EventRounds "9"]
[EventCountry "ESP"]
[Source "lmi"]
[SourceDate "2008.07.20"]
[WhiteElo "1973"]
[BlackElo "2313"]

1. Nf3 c5 2. g3 g6 3. Bg2 Bg7 4. O-O e5 5. d3 Nc6 6. Nbd2 Nge7 7. e4 O-O 8. Nh4
d6 9. f4 f5 10. exf5 Nxf5 11. Nxf5 Bxf5 12. fxe5 Bxe5 13. Nc4 Bg7 14. Bd5+ Kh8
15. Bf4 Ne5 16. Bxe5 Bxe5 17. Bxb7 Bd4+ 18. Kh1 Rb8 19. Bd5 Qg5 20. Qc1 Qh5 21.
Qf4 Be6 22. Qxf8+ Rxf8 23. Rxf8+ Kg7 24. Bxe6 Kxf8 25. Rf1+ Ke7 26. c3 Kxe6 27.
cxd4 Qd5+ 28. Kg1 Qxd4+ 29. Rf2 Qxd3 30. Nd2 c4 31. Nf3 d5 32. Kg2 d4 33. Rd2
Qe4 34. Kf2 Qe3+ 35. Kg2 d3 36. Rf2 Kd5 37. Nd2 Qe1 38. a3 Qc1 39. Nf3 g5 40.
g4 Ke4 41. Nd2+ Kd4 42. Kf3 Qxb2 0-1

[Event "España ch Sub-16 2008"]
[Site "Padron ESP"]
[Date "2008.07.22"]
[Round "5.10"]
[White "Sanchez Gonzalez, Sergio"]
[Black "Collado Barbas, Laura"]
[Result "1-0"]
[PlyCount "67"]
[EventDate "2008.07.20"]
[EventType "swiss"]
[EventRounds "9"]
[EventCountry "ESP"]
[Source "lmi"]
[SourceDate "2008.07.20"]
[WhiteElo "2228"]
[BlackElo "1983"]

1. c4 e6 2. g3 d5 3. Bg2 c6 4. Nf3 Nf6 5. O-O Be7 6. b3 O-O 7. Bb2 b6 8. Qc2
Bb7 9. d3 c5 10. e3 Na6 11. a3 Rc8 12. Nbd2 Qd7 13. Rac1 Rfd8 14. Rfd1 Nc7 15.
Qb1 a5 16. d4 Ba6 17. e4 dxe4 18. Ne5 Qe8 19. Nxe4 h6 20. Nc6 Rd7 21. Nxe7+
Qxe7 22. Nxf6+ gxf6 23. dxc5 Rxd1+ 24. Rxd1 bxc5 25. Qc1 Kg7 26. Qf4 Rg8 27.
Bc1 Rh8 28. Qg4+ Kf8 29. Bc6 Bc8 30. Bf4 f5 31. Qh5 Ne8 32. Bxh6+ Ng7 33. Qg5
f6 34. Rd8+ 1-0

[Event "España ch Sub-16 2008"]
[Site "Padron ESP"]
[Date "2008.07.22"]
[Round "5.11"]
[White "Coll Ortega, Jordi"]
[Black "Alonso Macias, Victor"]
[Result "1-0"]
[PlyCount "49"]
[EventDate "2008.07.20"]
[EventType "swiss"]
[EventRounds "9"]
[EventCountry "ESP"]
[Source "lmi"]
[SourceDate "2008.07.20"]
[WhiteElo "2206"]
[BlackElo "1977"]

1. e4 d5 2. exd5 Nf6 3. d4 Nxd5 4. c4 Nf6 5. Nf3 e6 6. Nc3 Be7 7. g3 O-O 8. Bg2
c6 9. O-O Nbd7 10. Bf4 Qa5 11. Qe2 Re8 12. a3 Qd8 13. b4 Nf8 14. Rfd1 Bd6 15.
Be3 Qe7 16. Ne5 N6d7 17. Bxc6 Bxe5 18. Bxd7 Nxd7 19. dxe5 Nxe5 20. Bc5 Qf6 21.
f4 Nd7 22. Ne4 Qg6 23. Nd6 Rf8 24. Nxc8 Nxc5 25. Ne7+ 1-0

[Event "España ch Sub-16 2008"]
[Site "Padron ESP"]
[Date "2008.07.22"]
[Round "5.12"]
[White "Herrera Delgado, Alejandro"]
[Black "Conejero Sanchez, Alvaro"]
[Result "1-0"]
[PlyCount "95"]
[EventDate "2008.07.20"]
[EventType "swiss"]
[EventRounds "9"]
[EventCountry "ESP"]
[Source "lmi"]
[SourceDate "2008.07.20"]
[WhiteElo "2204"]
[BlackElo "1975"]

1. e4 e6 2. d4 d5 3. Nc3 Nf6 4. Bg5 Be7 5. e5 Nfd7 6. h4 h6 7. Be3 c5 8. Qg4 g6
9. f4 cxd4 10. Bxd4 Nc6 11. Nf3 h5 12. Qh3 Nxd4 13. Nxd4 Qb6 14. O-O-O Nc5 15.
Bb5+ Bd7 16. b4 Bxb5 17. bxc5 Qxc5 18. Ncxb5 a6 19. Nd6+ Bxd6 20. exd6 Qxd6 21.
Qe3 O-O-O 22. Rd3 Rd7 23. Qe5 Rhd8 24. Nf3 Rc7 25. Qxd6 Rxd6 26. Ne5 Rb6 27.
Rb3 Rd6 28. Rd1 f6 29. Nxg6 Rg7 30. f5 e5 31. g3 d4 32. Re1 Rc7 33. Kb2 Rdc6
34. Re2 b5 35. Nf8 Kb7 36. Ne6 Rd7 37. Re4 Rc4 38. Rd3 a5 39. g4 hxg4 40. Rxg4
b4 41. h5 Rc8 42. h6 Kc6 43. Rh3 Rh8 44. Rg6 Kd5 45. Rxf6 e4 46. Rf8 Rdh7 47.
Rxh8 Rxh8 48. Nf4+ 1-0

[Event "España ch Sub-16 2008"]
[Site "Padron ESP"]
[Date "2008.07.22"]
[Round "5.13"]
[White "Colom Sienes, Eduardo"]
[Black "Forcen Esteban, Daniel"]
[Result "0-1"]
[PlyCount "76"]
[EventDate "2008.07.20"]
[EventType "swiss"]
[EventRounds "9"]
[EventCountry "ESP"]
[Source "lmi"]
[SourceDate "2008.07.20"]
[WhiteElo "1950"]
[BlackElo "2200"]

1. e4 c5 2. Nf3 d6 3. d4 cxd4 4. Nxd4 Nf6 5. Nc3 a6 6. f3 e6 7. Be3 Be7 8. Qd2
O-O 9. O-O-O Nfd7 10. g4 Nc6 11. h4 Nde5 12. Qg2 Na5 13. Bf2 Bd7 14. f4 Nec4
15. f5 Rc8 16. g5 d5 17. g6 hxg6 18. Bxc4 Rxc4 19. h5 gxf5 20. Rhg1 Bf6 21.
exf5 Rxc3 22. bxc3 Qe7 23. Rd3 Nc4 24. Rg3 Qa3+ 25. Kd1 exf5 26. Rxg7+ Kh8 27.
Rg8+ Kh7 28. Qg3 Nb2+ 29. Ke2 f4 30. Rg7+ Kh8 31. Rg8+ Kh7 32. Qxf4 Rxg8 33.
Rxg8 Qe7+ 34. Be3 Kxg8 35. Qg3+ Kh7 36. Kf1 Nc4 37. Bc1 Qe4 38. Qf2 Qh4 0-1

[Event "España ch Sub-16 2008"]
[Site "Padron ESP"]
[Date "2008.07.22"]
[Round "5.14"]
[White "De Nacimiento Montano, Angel"]
[Black "Moral Garcia, Serafin"]
[Result "1/2-1/2"]
[PlyCount "100"]
[EventDate "2008.07.20"]
[EventType "swiss"]
[EventRounds "9"]
[EventCountry "ESP"]
[Source "lmi"]
[SourceDate "2008.07.20"]
[WhiteElo "2099"]
[BlackElo "1948"]

1. e4 e5 2. Nf3 Nc6 3. Bc4 Bc5 4. b4 Bb6 5. a4 a6 6. Ba3 d6 7. O-O Nf6 8. d3
O-O 9. c3 Ne7 10. Nbd2 Ng6 11. d4 exd4 12. Nxd4 d5 13. exd5 Bxd4 14. cxd4 Nxd5
15. Re1 Be6 16. Qb3 Re8 17. Ne4 b6 18. Rad1 h6 19. Bc1 Kh8 20. h3 Qd7 21. Nc3
Nxc3 22. Qxc3 Bxc4 23. Qxc4 b5 24. axb5 axb5 25. Qc5 c6 26. Be3 Ne7 27. Rc1
Rac8 28. Ra1 Ra8 29. Rxa8 Rxa8 30. Bxh6 Nd5 31. Be3 Kg8 32. Rc1 Rc8 33. Ra1 Qe7
34. Qxe7 Nxe7 35. Bf4 Rd8 36. Rd1 Nd5 37. Bd2 Ra8 38. Rc1 Ra2 39. Be1 Kf8 40.
Kf1 Ne7 41. g4 g5 42. Kg2 f6 43. Kg3 Kf7 44. Rc3 Ke6 45. Re3+ Kd6 46. h4 Nd5
47. Rf3 Re2 48. Bc3 gxh4+ 49. Kxh4 Nxc3 50. Rxc3 Rxf2 1/2-1/2

[Event "España ch Sub-16 2008"]
[Site "Padron ESP"]
[Date "2008.07.22"]
[Round "5.15"]
[White "Anaya Lopez, Victor Jose"]
[Black "Benarque Lopez, Francisco Jose"]
[Result "1-0"]
[PlyCount "45"]
[EventDate "2008.07.20"]
[EventType "swiss"]
[EventRounds "9"]
[EventCountry "ESP"]
[Source "lmi"]
[SourceDate "2008.07.20"]
[WhiteElo "2046"]
[BlackElo "1889"]

1. e4 c5 2. Nf3 d6 3. d4 cxd4 4. Nxd4 Nf6 5. Nc3 a6 6. Bg5 e6 7. f4 Qb6 8. Qd2
Nc6 9. Nb3 Be7 10. O-O-O Qc7 11. Be2 b5 12. Bf3 Bb7 13. Rhe1 O-O-O 14. Qe3 Kb8
15. e5 dxe5 16. fxe5 Nd5 17. Bxd5 Bxg5 18. Qxg5 exd5 19. Nxd5 Rxd5 20. Rxd5 Nb4
21. Rc5 Qb6 22. e6 fxe6 23. Qf4+ 1-0

[Event "España ch Sub-16 2008"]
[Site "Padron ESP"]
[Date "2008.07.22"]
[Round "5.16"]
[White "Millan Soto, Miguel"]
[Black "Hernandez Munoz, Antonio"]
[Result "0-1"]
[PlyCount "56"]
[EventDate "2008.07.20"]
[EventType "swiss"]
[EventRounds "9"]
[EventCountry "ESP"]
[Source "lmi"]
[SourceDate "2008.07.20"]
[WhiteElo "1926"]
[BlackElo "2044"]

1. e4 c5 2. Nf3 d6 3. d4 cxd4 4. Nxd4 Nf6 5. Nc3 a6 6. f3 e5 7. Nb3 Be6 8. Be3
Be7 9. Qd2 O-O 10. O-O-O Nbd7 11. g4 b5 12. Qf2 Rc8 13. Kb1 Rb8 14. g5 Ne8 15.
h4 Nb6 16. f4 exf4 17. Bxf4 Nc4 18. Nd4 Qb6 19. Qh2 Rc8 20. Nf5 Bd8 21. h5 Na3+
22. bxa3 Rxc3 23. g6 Qc5 24. Bd3 Qxa3 25. Bxd6 Nxd6 26. gxh7+ Kh8 27. Qxd6
Qxa2+ 28. Kc1 Bg5+ 0-1

[Event "España ch Sub-16 2008"]
[Site "Padron ESP"]
[Date "2008.07.22"]
[Round "5.17"]
[White "Silva Rodriguez, Fernando"]
[Black "Navarro Diaz, Carles"]
[Result "0-1"]
[PlyCount "42"]
[EventDate "2008.07.20"]
[EventType "swiss"]
[EventRounds "9"]
[EventCountry "ESP"]
[Source "lmi"]
[SourceDate "2008.07.20"]
[WhiteElo "1890"]
[BlackElo "2020"]

1. e4 e5 2. Nf3 Nf6 3. Nxe5 Nxe4 4. Qe2 Qe7 5. Qxe4 d6 6. d4 dxe5 7. dxe5 Nc6
8. Bb5 Bd7 9. Nc3 O-O-O 10. Bf4 g5 11. Bg3 a6 12. Bc4 Re8 13. Nd5 Qd6 14. O-O-O
Nxe5 15. Qd4 Kb8 16. Rhe1 Bg7 17. f4 gxf4 18. Qxf4 Bh6 19. Ne3 Bxf4 20. Rxd6
Bxe3+ 21. Rxe3 cxd6 0-1

[Event "España ch Sub-16 2008"]
[Site "Padron ESP"]
[Date "2008.07.22"]
[Round "5.18"]
[White "Cruz Lledo, Pablo"]
[Black "Castillo Sanjuan, Daniel"]
[Result "0-1"]
[PlyCount "66"]
[EventDate "2008.07.20"]
[EventType "swiss"]
[EventRounds "9"]
[EventCountry "ESP"]
[Source "lmi"]
[SourceDate "2008.07.20"]
[WhiteElo "2008"]
[BlackElo "1911"]

1. d4 Nf6 2. Nf3 g6 3. c4 Bg7 4. Nc3 O-O 5. Bg5 d6 6. e3 Nc6 7. Bd3 e5 8. O-O
Bg4 9. Be2 exd4 10. exd4 Qd7 11. h3 Bf5 12. d5 Nb4 13. a3 Na6 14. Nd4 h5 15.
Bxf6 Bxf6 16. g4 hxg4 17. hxg4 Bxd4 18. Qxd4 Bc2 19. Qd2 Bb3 20. Nb5 Bxc4 21.
Nc3 Nc5 22. Rae1 Bxe2 23. Qxe2 Rae8 24. Qf3 Re5 25. Rxe5 dxe5 26. b4 Nb3 27.
Ne4 f5 28. Qxb3 fxe4 29. d6+ Kg7 30. dxc7 Rf3 31. Qxf3 exf3 32. Rc1 Qxg4+ 33.
Kf1 Qc8 0-1

[Event "España ch Sub-16 2008"]
[Site "Padron ESP"]
[Date "2008.07.22"]
[Round "5.19"]
[White "Senlle Caride, Miguel"]
[Black "Gutierrez Valero, Mario"]
[Result "1-0"]
[PlyCount "69"]
[EventDate "2008.07.20"]
[EventType "swiss"]
[EventRounds "9"]
[EventCountry "ESP"]
[Source "lmi"]
[SourceDate "2008.07.20"]
[WhiteElo "2289"]
[BlackElo "1945"]

1. e4 c5 2. Nf3 Nc6 3. Nc3 e5 4. Bc4 d6 5. d3 Be7 6. Nd2 Nf6 7. Nf1 Nd7 8. Nd5
Nb6 9. Nxb6 axb6 10. Ng3 O-O 11. O-O Be6 12. c3 Qd7 13. f4 exf4 14. Bxf4 Na5
15. Bxe6 fxe6 16. Qg4 Rf6 17. Nh5 Rg6 18. Qh3 Nc6 19. Rf3 b5 20. Rg3 Rf8 21.
Rf1 Qe8 22. Rxg6 Qxg6 23. Rf3 e5 24. Rg3 exf4 25. Rxg6 hxg6 26. Qe6+ Kh7 27. d4
cxd4 28. cxd4 Bg5 29. Qxd6 Rd8 30. Qc5 Bh6 31. d5 gxh5 32. dxc6 bxc6 33. Qxh5
Rd2 34. Qf5+ Kg8 35. e5 1-0

[Event "España ch Sub-16 2008"]
[Site "Padron ESP"]
[Date "2008.07.22"]
[Round "5.20"]
[White "Herrera Reyes, Jose Antonio"]
[Black "Rivas Crespo, Alexander"]
[Result "1-0"]
[PlyCount "61"]
[EventDate "2008.07.20"]
[EventType "swiss"]
[EventRounds "9"]
[EventCountry "ESP"]
[Source "lmi"]
[SourceDate "2008.07.20"]
[WhiteElo "2145"]
[BlackElo "1961"]

1. Nc3 Nf6 2. Nf3 g6 3. e4 d6 4. d4 Bg7 5. Bg5 O-O 6. h3 h6 7. Be3 a6 8. Qd2
Kh7 9. Bd3 b5 10. e5 b4 11. Ne2 Nd5 12. Be4 c6 13. Bxd5 cxd5 14. Qxb4 Nc6 15.
Qd2 dxe5 16. dxe5 Rb8 17. c3 Qc7 18. O-O Bf5 19. Ned4 Nxe5 20. Nxe5 Bxe5 21.
Bxh6 Rg8 22. Nf3 f6 23. Nxe5 fxe5 24. g4 Be6 25. Qg5 Rxb2 26. Rae1 Re8 27. Rxe5
Bf7 28. Qh4 Kg8 29. Bf4 Qxc3 30. Re3 Qf6 31. g5 1-0

[Event "España ch Sub-16 2008"]
[Site "Padron ESP"]
[Date "2008.07.22"]
[Round "5.21"]
[White "Pruja Ramirez De Cartagena, Marc"]
[Black "Villar Perez, Samuel"]
[Result "1-0"]
[PlyCount "50"]
[EventDate "2008.07.20"]
[EventType "swiss"]
[EventRounds "9"]
[EventCountry "ESP"]
[Source "lmi"]
[SourceDate "2008.07.20"]
[WhiteElo "2136"]
[BlackElo "1937"]

1. e4 c5 2. Nf3 Nc6 3. d4 cxd4 4. Nxd4 Nf6 5. Nc3 e6 6. Ndb5 d6 7. Bf4 e5 8.
Bg5 a6 9. Na3 b5 10. Nd5 Be7 11. Bxf6 Bxf6 12. c4 b4 13. Nc2 a5 14. g3 Bg5 15.
h4 Bh6 16. Bh3 Be6 17. Qf3 O-O 18. Rd1 Rb8 19. b3 Kh8 20. Kf1 g6 21. h5 Kg7 22.
Qg2 Ne7 23. hxg6 hxg6 24. Bxe6 fxe6 25. Qh3 Bg5 1-0

[Event "España ch Sub-16 2008"]
[Site "Padron ESP"]
[Date "2008.07.22"]
[Round "5.22"]
[White "Otero Nogueira, Brais"]
[Black "Colon Garcia, Enrique"]
[Result "1-0"]
[PlyCount "85"]
[EventDate "2008.07.20"]
[EventType "swiss"]
[EventRounds "9"]
[EventCountry "ESP"]
[Source "lmi"]
[SourceDate "2008.07.20"]
[WhiteElo "1917"]
[BlackElo "2118"]

1. e4 c5 2. Nc3 Nc6 3. Bb5 Nd4 4. f4 g6 5. Nf3 Bg7 6. e5 Nxb5 7. Nxb5 d6 8. Qe2
dxe5 9. fxe5 Nh6 10. O-O O-O 11. d3 a6 12. Nc3 Nf5 13. Bf4 Nd4 14. Qf2 Nxf3+
15. gxf3 b6 16. Rfe1 Bb7 17. Ne4 Qd5 18. Nd2 b5 19. Kg2 f5 20. h4 h6 21. Qe3
Kh7 22. Nb3 Rac8 23. c3 Rfd8 24. Rad1 Ba8 25. d4 cxd4 26. Rxd4 Qe6 27. Red1
Rxd4 28. Qxd4 Rc4 29. Qe3 Rxf4 30. Qxf4 Bxe5 31. Re1 Bxf4 32. Rxe6 Bd6 33. Nd4
Bd5 34. Re1 Kg7 35. a4 Bc4 36. axb5 axb5 37. b3 Bd5 38. h5 Kf6 39. hxg6 Kxg6
40. Nxb5 Bxb3 41. Nxd6 exd6 42. Rb1 Bc4 43. Rb6 1-0

[Event "España ch Sub-16 2008"]
[Site "Padron ESP"]
[Date "2008.07.22"]
[Round "5.23"]
[White "Moreno Martin, Daniel"]
[Black "Galan Martin, Alejandro"]
[Result "1-0"]
[PlyCount "123"]
[EventDate "2008.07.20"]
[EventType "swiss"]
[EventRounds "9"]
[EventCountry "ESP"]
[Source "lmi"]
[SourceDate "2008.07.20"]
[WhiteElo "2091"]
[BlackElo "1925"]

1. e4 e6 2. d4 d5 3. Nd2 Be7 4. Ngf3 Nf6 5. Bd3 c5 6. exd5 exd5 7. dxc5 Bxc5 8.
O-O O-O 9. c3 Bg4 10. Nb3 Bb6 11. Bc2 h6 12. Qd3 Nc6 13. Nbd4 Qd7 14. Nxc6 Qxc6
15. Ne5 Qc8 16. Bf4 Re8 17. a4 a5 18. Rae1 Be6 19. Nf3 Bc7 20. Be3 Bd6 21. Nd4
Qc4 22. b3 Qxd3 23. Bxd3 Rac8 24. Nb5 Bc5 25. Bxc5 Rxc5 26. b4 axb4 27. cxb4
Rc6 28. Nd4 Rc7 29. Bb5 Ree7 30. Rc1 Kf8 31. f3 g6 32. Kf2 Nh5 33. Rfe1 Ng7 34.
g4 Rxc1 35. Rxc1 Bd7 36. Bxd7 Rxd7 37. a5 Ke7 38. b5 Ne6 39. Nxe6 Kxe6 40. Ke3
d4+ 41. Kd3 Rd5 42. Rb1 Kd6 43. h4 f6 44. Rb3 h5 45. Kc4 f5 46. gxh5 gxh5 47.
Rd3 Rc5+ 48. Kxd4 Rxb5 49. Kc4+ Kc6 50. Rd6+ Kxd6 51. Kxb5 Kc7 52. Kc5 Kd7 53.
Kd5 Kc7 54. Ke5 Kc6 55. Kxf5 Kb5 56. Ke6 Kxa5 57. f4 b5 58. f5 b4 59. f6 b3 60.
f7 b2 61. f8=Q b1=Q 62. Qa8+ 1-0

[Event "España ch Sub-16 2008"]
[Site "Padron ESP"]
[Date "2008.07.22"]
[Round "5.24"]
[White "Perera Borrego, Mariela"]
[Black "Subirats Ruiz, Sergi"]
[Result "0-1"]
[PlyCount "50"]
[EventDate "2008.07.20"]
[EventType "swiss"]
[EventRounds "9"]
[EventCountry "ESP"]
[Source "lmi"]
[SourceDate "2008.07.20"]
[WhiteElo "1889"]
[BlackElo "2054"]

1. d4 Nf6 2. Nf3 g6 3. Bg5 Bg7 4. c3 d5 5. Nbd2 c5 6. e3 Nbd7 7. Be2 O-O 8. O-O
b6 9. b4 Kh8 10. bxc5 bxc5 11. Qa4 Ne4 12. Nxe4 dxe4 13. Nd2 h6 14. Bh4 cxd4
15. cxd4 g5 16. Bg3 f5 17. f3 f4 18. Bf2 fxe3 19. Bxe3 Nb6 20. Qc2 Nd5 21. Nc4
Nxe3 22. Nxe3 Bxd4 23. Qb3 Qb6 24. Qxb6 axb6 25. Kf2 Ra3 0-1